Strategic environmental assessment of the tourism sector in Cambodia
Contents: Tourism sector in Cambodia; Alternative tourism scenarios; Baseline environmental condition; Strategic environmental assessment of tourism impacts...
Đã lưu trong:
| 格式: | 圖書 |
|---|---|
| 語言: | Undetermined |
| 出版: |
Manila, Philippines
Asian Development Bank
2009
|
| 主題: | |
| 標簽: |
添加標簽
沒有標簽, 成為第一個標記此記錄!
|
| Thư viện lưu trữ: | Trung tâm Học liệu Trường Đại học Cần Thơ |
|---|
| LEADER | 00713nam a2200193Ia 4500 | ||
|---|---|---|---|
| 001 | CTU_189782 | ||
| 008 | 210402s9999 xx 000 0 und d | ||
| 082 | |a 915 | ||
| 082 | |b S898 | ||
| 245 | 0 | |a Strategic environmental assessment of the tourism sector in Cambodia | |
| 245 | 0 | |c Asian Development Bank | |
| 260 | |a Manila, Philippines | ||
| 260 | |b Asian Development Bank | ||
| 260 | |c 2009 | ||
| 520 | |a Contents: Tourism sector in Cambodia; Alternative tourism scenarios; Baseline environmental condition; Strategic environmental assessment of tourism impacts... | ||
| 650 | |a Tourism,Du lịch | ||
| 650 | |z Cambodia,Campuchia | ||
| 904 | |i Giang | ||
| 980 | |a Trung tâm Học liệu Trường Đại học Cần Thơ | ||